| 000 | 01654cam a2200385 a 4500 | ||
|---|---|---|---|
| 001 | 15047295 | ||
| 003 | NUST | ||
| 005 | 20220411113617.0 | ||
| 008 | 071017s2008 nyub 000 1 eng | ||
| 010 | _a 2007043052 | ||
| 020 | _a9780385524285 | ||
| 020 | _a0385524285 | ||
| 035 | _a(OCoLC)ocn175289970 | ||
| 035 | _a(OCoLC)175289970 | ||
| 038 | _awaseem | ||
| 040 |
_aDLC _cDLC _dIG# _dBTCTA _dBAKER _dYDXCP _dUPZ _dJAO _dVP@ _dBWX _dILC _dLF3 _dIXA _dDLC |
||
| 050 | 0 | 0 |
_aPR6056.A89 _bD48 2008 |
| 082 | 0 | 0 |
_a823.914 _bFAU |
| 100 | 1 |
_aFaulks, Sebastian. _990880 |
|
| 245 | 1 | 0 |
_aDevil may care / _cSebastian Faulks, writing as Ian Fleming. |
| 250 | _a1st ed. in the United States of America. | ||
| 260 |
_aNew York : _bDoubleday, _cc2008. |
||
| 300 |
_a278 p. : _bmap ; _c25 cm. |
||
| 520 | _aSet in the Cold War, and follows the action of Bond across two contintents and exotic locations after he is assigned to shadow a mysterious, power-crazed pharmaceutical magnate with an interest in opiate deriviates. | ||
| 563 | _aHBK. | ||
| 600 | 1 | 0 |
_aBond, James _c(Fictitious character) _vFiction. _990881 |
| 655 | 7 |
_aSpy stories. _2gsafd _98087 |
|
| 700 | 1 |
_aFleming, Ian, _d1908-1964. _990882 |
|
| 856 | 4 | 2 |
_3Contributor biographical information _uhttp://www.loc.gov/catdir/enhancements/fy0835/2007043052-b.html |
| 856 | 4 | 2 |
_3Publisher description _uhttp://www.loc.gov/catdir/enhancements/fy0835/2007043052-d.html |
| 856 | 4 | 1 |
_3Sample text _uhttp://www.loc.gov/catdir/enhancements/fy0835/2007043052-s.html |
| 906 |
_a7 _bcbc _corignew _d1 _eecip _f20 _gy-gencatlg |
||
| 942 |
_2ddc _cBK |
||
| 999 |
_c589085 _d589085 |
||